Größte Städte Nordrhein-Westfalen - Statistiken

Allgemein
  • Dieses Quiz wurde 70 mal gespielt
  • Das Durchschnittsergebnis liegt bei 17 aus 20
Antwortstatistiken
Einwohner Antwort % Korrekt
603.000 Dortmund
100%
619.000 Düsseldorf
100%
1.025.000 Köln
100%
359.000 Bochum
95%
323.000 Bonn
95%
502.000 Duisburg
95%
575.000 Essen
94%
268.000 Gelsenkirchen
94%
267.000 Mönchengladbach
89%
261.000 Aachen
87%
308.000 Münster
87%
332.000 Bielefeld
84%
169.000 Leverkusen
84%
358.000 Wuppertal
84%
214.000 Oberhausen
81%
231.000 Krefeld
79%
190.000 Hagen
69%
180.000 Hamm
66%
166.000 Solingen
61%
173.000 Mülheim an der Ruhr
56%
Keine übereinstimmenden Quizze gefunden
Verteilung der Resultate
Anzahl Personen mit jedem Resultat
Perzentil nach korrekt beantworteten Fragen
Ihre Resultats-Entwicklung
Sie haben dieses Quiz noch nicht gespielt